{"text_format":"3","workbook":"xlsx","n_sheets":1,"sheets":["sheet1"],"read":"whole","date_system":"1900"}

{"sheet":"sheet1","index":0,"n_rows":100,"n_cols":11,"rows_kept":100,"merged":[[99,0,99,4]]}
["번호","연월일","후원자","후원자구분","후원품유형","내역","품명","수량","단위","단가(원)","금액(원)"]
[1,"2025-01-03","윤순옥","개인","지역사회 후원금품","생활자 부식","초밥 정식",32,"인분",12900,412800]
[2,"2025-01-03","윤순옥","개인","지역사회 후원금품","생활자 부식","팥죽",5,"인분",10000,50000]
[3,"2025-01-03","윤순옥","개인","지역사회 후원금품","생활자 간식","떡",35,"팩",3000,105000]
[4,"2025-01-27","박재현","개인","지역사회 후원금품","생활자 간식","쑥인절미",2,"상자",75000,150000]
[5,"2025-02-26","박재현","개인","지역사회 후원금품","생활자 간식","망고",2,"상자",70000,140000]
[6,"2025-02-28","김희진","개인","지역사회 후원금품","생활자 간식","모싯잎송편",3,"kg",5000,15000]
[7,"2025-02-28","김희진","개인","지역사회 후원금품","생활자 간식","옥수수",20,"개",750,15000]
[8,"2025-03-01","강욱","개인","지역사회 후원금품","생활자 간식","가래떡",25,"팩",2500,62500]
[9,"2025-03-07","박재현","개인","지역사회 후원금품","생활자 간식","호박팥시루떡",30,"팩",5000,150000]
[10,"2025-03-17","고정순","개인","지역사회 후원금품","생활자 부식","봄동",4,"kg",5000,20000]
[11,"2025-03-20","법무사 김덕양사무소","민간단체","지역사회 후원금품","생활자 간식","딸기",10,"다라",15000,150000]
[12,"2025-03-24","고종욱","개인","지역사회 후원금품","생활자 간식","모싯잎송편",5,"kg",10000,50000]
[13,"2025-03-24","고종욱","개인","지역사회 후원금품","생활자 간식","오렌지",4,"kg",7500,30000]
[14,"2025-04-01","김희진","개인","지역사회 후원금품","생활자 부식","머위잎",5,"kg",20000,100000]
[15,"2025-04-01","김희진","개인","지역사회 후원금품","생활자 간식","모싯잎떡",1,"상자",20000,20000]
[16,"2025-04-07","고종욱","개인","지역사회 후원금품","생활자 부식","상추",3,"kg",5000,15000]
[17,"2025-04-07","고종욱","개인","지역사회 후원금품","생활자 부식","시금치",5,"kg",4000,20000]
[18,"2025-04-18","법무사 김덕양사무소","민간단체","지역사회 후원금품","생활자 간식","고구마",20,"kg",6000,120000]
[19,"2025-04-18","주재원","개인","지역사회 후원금품","생활자 간식","방울토마토",80,"팩",5750,460000]
[20,"2025-04-30","고종욱","개인","지역사회 후원금품","생활자 부식","대파",15,"kg",3000,45000]
[21,"2025-04-30","박재현","개인","지역사회 후원금품","생활자 간식","방울토마토",20,"팩",8000,160000]
[22,"2025-05-07","고종욱","개인","지역사회 후원금품","생활자 부식","마늘쫑",15,"kg",7000,105000]
[23,"2025-05-07","홍승하","개인","지역사회 후원금품","생활자 생필품","수건",20,"개",5000,100000]
[24,"2025-05-07","홍승하","개인","지역사회 후원금품","생활자 간식","쑥떡",2,"상자",60000,120000]
[25,"2025-05-07","홍승하","개인","지역사회 후원금품","생활자 간식","참외",5,"kg",8000,40000]
[26,"2025-05-16","박재현","개인","지역사회 후원금품","생활자 간식","바나나",1,"상자",60000,60000]
[27,"2025-05-16","박재현","개인","지역사회 후원금품","생활자 간식","백설기",2,"상자",60000,120000]
[28,"2025-05-22","법무사 김덕양사무소","민간단체","지역사회 후원금품","생활자 간식","고구마",1,"상자",60000,60000]
[29,"2025-05-22","법무사 김덕양사무소","민간단체","지역사회 후원금품","생활자 간식","수박",3,"통",25000,75000]
[30,"2025-05-29","박현옥","개인","지역사회 후원금품","생활자 간식","빵",60,"개",2000,120000]
[31,"2025-05-29","신선영","개인","지역사회 후원금품","생활자 간식","빵",60,"개",2000,120000]
[32,"2025-06-17","김희진","개인","지역사회 후원금품","생활자 부식","머위대",10,"kg",7000,70000]
[33,"2025-06-20","김희진","개인","지역사회 후원금품","생활자 부식","매실",20,"kg",3000,60000]
[34,"2025-06-30","김희진","개인","지역사회 후원금품","생활자 간식","옥수수",2,"망",25000,50000]
[35,"2025-07-03","법무사 김덕양사무소","민간단체","지역사회 후원금품","생활자 간식","수박",2,"통",30000,60000]
[36,"2025-07-03","법무사 김덕양사무소","민간단체","지역사회 후원금품","생활자 간식","옥수수",4,"망",20000,80000]
[37,"2025-07-09","전기우","개인","지역사회 후원금품","생활자 간식","치킨",20,"마리",20000,400000]
[38,"2025-07-10","박재현","개인","지역사회 후원금품","생활자 간식","수박",1,"통",35000,35000]
[39,"2025-07-10","박재현","개인","지역사회 후원금품","생활자 간식","우묵",4,"팩",5000,20000]
[40,"2025-07-10","박재현","개인","지역사회 후원금품","생활자 간식","토마토",10,"kg",6000,60000]
[41,"2025-07-16","전라남도사회복지협의회","비영리법인","지역사회 후원금품","생활자 간식","전지분유",20,"kg",11000,220000]
[42,"2025-07-16","김희진","개인","지역사회 후원금품","생활자 간식","황도",5,"kg",10000,50000]
[43,"2025-08-08","김희진","개인","지역사회 후원금품","생활자 간식","백설기",2,"상자",70000,140000]
[44,"2025-08-08","법무사 김덕양사무소","민간단체","지역사회 후원금품","생활자 간식","복숭아",3,"상자",40000,120000]
[45,"2025-08-08","박재현","개인","지역사회 후원금품","생활자 간식","복숭아",3,"상자",40000,120000]
[46,"2025-08-13","김희진","개인","지역사회 후원금품","생활자 간식","황도",5,"kg",10000,50000]
[47,"2025-08-21","홍승하","개인","지역사회 후원금품","생활자 간식","기정떡",35,"팩",4000,140000]
[48,"2025-08-23","박재현","개인","지역사회 후원금품","생활자 간식","복숭아",3,"상자",40000,120000]
[49,"2025-08-26","한남대학교","민간단체","지역사회 후원금품","생활자생필품","락스",20,"개",9900,198000]
[50,"2025-08-26","한남대학교","민간단체","지역사회 후원금품","생활자생필품","린스",45,"개",9300,418500]
[51,"2025-08-26","한남대학교","민간단체","지역사회 후원금품","생활자생필품","바디로션",40,"개",13200,528000]
[52,"2025-08-26","한남대학교","민간단체","지역사회 후원금품","생활자생필품","샴푸",45,"개",9300,418500]
[53,"2025-08-26","한남대학교","민간단체","지역사회 후원금품","생활자생필품","섬유유연제",20,"개",18000,360000]
[54,"2025-08-26","한남대학교","민간단체","지역사회 후원금품","생활자생필품","세탁세제",40,"개",9000,360000]
[55,"2025-08-26","한남대학교","민간단체","지역사회 후원금품","생활자생필품","주방세제",16,"개",7000,112000]
[56,"2025-08-26","한남대학교","민간단체","지역사회 후원금품","생활자생필품","주방세제",20,"개",8900,178000]
[57,"2025-08-26","한남대학교","민간단체","지역사회 후원금품","생활자간식","샤인머스켓",6,"박스",30000,180000]
[58,"2025-08-26","한남대학교","민간단체","지역사회 후원금품","생활자간식","포도",6,"박스",30000,180000]
[59,"2025-09-03","다우약품","영리법인","지역사회 후원금품","생활자 간식","음료",200,"병",1000,200000]
[60,"2025-09-03","다우약품","영리법인","지역사회 후원금품","생활자 간식","케익",4,"개",20000,80000]
[61,"2025-09-04","김미정","개인","지역사회 후원금품","생활자 부식","도시락",34,"개",15000,510000]
[62,"2025-09-05","법무사 김덕양사무소","민간단체","지역사회 후원금품","생활자 간식","감자떡",35,"팩",4000,140000]
[63,"2025-09-11","유서운","개인","지역사회 후원금품","생활자 부식","가지",2,"kg",5000,10000]
[64,"2025-09-26","김희진","개인","지역사회 후원금품","생활자 간식","찰시루떡",35,"팩",4000,140000]
[65,"2025-09-29","박재현","개인","지역사회 후원금품","생활자 간식","샤인머스켓",18,"kg",8000,144000]
[66,"2025-10-04","여수여성라이온스클럽","민간단체","지역사회 후원금품","생활자 주식","쌀",20,"kg",3700,74000]
[67,"2025-10-04","여수여성라이온스클럽","민간단체","지역사회 후원금품","생활자 부식","라면",1,"상자",40000,40000]
[68,"2025-10-04","여수여성라이온스클럽","민간단체","지역사회 후원금품","생활자 부식","짜장라면",1,"상자",45000,45000]
[69,"2025-10-04","여수여성라이온스클럽","민간단체","지역사회 후원금품","생활자 생필품","화장지",60,"개",500,30000]
[70,"2025-10-04","홍승하","개인","지역사회 후원금품","생활자 간식","모싯잎송편",1,"상자",100000,100000]
[71,"2025-10-14","법무사 김덕양사무소","민간단체","지역사회 후원금품","생활자 간식","무화과",2,"상자",15000,30000]
[72,"2025-10-14","법무사 김덕양사무소","민간단체","지역사회 후원금품","생활자 간식","샤인머스켓",10,"kg",10000,100000]
[73,"2025-10-29","고정순","개인","지역사회 후원금품","생활자 부식","늙은 호박",11,"덩이",5000,55000]
[74,"2025-10-29","고정순","개인","지역사회 후원금품","생활자 부식","풋호박",10,"덩이",3000,30000]
[75,"2025-11-06","법무사 김덕양사무소","민간단체","지역사회 후원금품","생활자 간식","감귤",2,"상자",30000,60000]
[76,"2025-11-06","법무사 김덕양사무소","민간단체","지역사회 후원금품","생활자 간식","단감",2,"상자",35000,70000]
[77,"2025-11-19","박재현","개인","지역사회 후원금품","생활자 간식","푸딩",2,"상자",25000,50000]
[78,"2025-12-03","법무사 김덕양사무소","민간단체","지역사회 후원금품","생활자 간식","고구마",2,"상자",50000,100000]
[79,"2025-12-03","법무사 김덕양사무소","민간단체","지역사회 후원금품","생활자 간식","귤",2,"상자",30000,60000]
[80,"2025-12-03","법무사 김덕양사무소","민간단체","지역사회 후원금품","생활자 간식","단감",10,"kg",3000,30000]
[81,"2025-12-05","김희진","개인","지역사회 후원금품","생활자 부식","배추김치",10,"kg",5500,55000]
[82,"2025-12-05","김희진","개인","지역사회 후원금품","생활자 부식","시래기",12,"kg",3000,36000]
[83,"2025-12-08","이효미","개인","지역사회 후원금품","생활자 부식","묵은 김치",48,"Kg",8000,384000]
[84,"2025-12-15","김희진","개인","지역사회 후원금품","생활자 부식","무청시래기",42,"kg",3000,126000]
[85,"2025-12-15","김희진","개인","지역사회 후원금품","생활자 부식","배추김치",10,"kg",5500,55000]
[86,"2025-12-15","고정순","개인","지역사회 후원금품","생활자 부식","풋호박",10,"덩이",3000,30000]
[87,"2025-12-16","이정숙","개인","지역사회 후원금품","생활자 부식","깐쪽파",1,"kg",10000,10000]
[88,"2025-12-24","소라종합사회복지관","비영리법인","지역사회 후원금품","생활자 주식","쌀",100,"kg",3000,300000]
[89,"2025-12-24","박재현","개인","지역사회 후원금품","생활자 부식","굴",1,"kg",25000,25000]
[90,"2025-12-24","홍승하","개인","지역사회 후원금품","생활자 부식","굴",1,"kg",25000,25000]
[91,"2025-12-24","홍승하","개인","지역사회 후원금품","생활자 부식","떡국떡",7,"kg",10000,70000]
[92,"2025-12-24","박재현","개인","지역사회 후원금품","생활자 부식","떡국떡",7,"kg",10000,70000]
[93,"2025-12-24","홍승하","개인","지역사회 후원금품","생활자 부식","소고기",1,"kg",50000,50000]
[94,"2025-12-24","박재현","개인","지역사회 후원금품","생활자 부식","소고기",1,"kg",50000,50000]
[95,"2025-12-24","박재현","개인","지역사회 후원금품","생활자 간식","귤",1,"상자",30000,30000]
[96,"2025-12-24","홍승하","개인","지역사회 후원금품","생활자 간식","귤",1,"상자",30000,30000]
[97,"2025-12-31","법무사 김덕양사무소","민간단체","지역사회 후원금품","생활자 간식","고구마",1,"상자",50000,50000]
[98,"2025-12-31","법무사 김덕양사무소","민간단체","지역사회 후원금품","생활자 간식","귤",2,"상자",30000,60000]
["합계",{"$nulls":6},1622,null,null,11492300]